La pequeña Dorrit / (Registro nro. 9893)

Detalles MARC
000 -LIDER
fixed length control field 01007nam a22003371i 4500
001 - NÚMERO DE CONTROL
Identificador de número de control 0783646
003 - IDENTIFICACDOR DE NÚMERO DE CONTROL
control field DO-SdBNP
005 - DATE AND TIME OF LATEST TRANSACTION
control field 20240719134030.0
008 - ELEMENTOS DE LONGITUD FIJA
fixed length control field 900725s2000 sp spa
010 ## - NUMERO DE CONTROL DE BIBLIOTECA DEL CONGRESO
LC control number 0783646
017 ## - NÚMERO DE REGISTRO DE DERECHOS DE AUTOR
Copyright or legal deposit number
Assigning agency
020 ## - ISBN
International Standard Book Number 8420457256
Terms of availability
035 ## - NÚMERO LOCAL
System control number
035 ## - NÚMERO LOCAL
System control number
040 ## - FUENTE DE CATALOGACIÓN
Agencia que crea de manera original el registro BPMSU
Idioma de catalogación spa
Agencia que realiza la transcripción BPMSU
082 #4 - NÚMERO DE CLASIFICACIÓN DECIMAL DE DEWEY
Classification number 823.83
Item number D548p 2000
Edition number 22
100 1# - ASIENTO PRINCIPAL -- NOMBRE PERSONAL
Nombre personal Dickens, Charles
Fechas asociadas con el nombre 1812-1870
Títulos u otras palabras asociadas con el nombre author.
Término de relación
240 10 - TITULO UNIFORME
Título uniforme Little Dorrit
Idioma de una obra español
245 13 - MENCIÓN DE TITULO
Título La pequeña Dorrit /
Medio (Designación general de material)
Mención de responsabilidad Carlos Dickens ; ilustraciones Francisco Solé
250 ## - MENCIÓN DE EDICION
Mención de edición 2ª ed.
260 ## - PUBLICACIÓN, DISTRIBUCIÓN, ETC. (PIE DE IMPRENTA)
Lugar de publicación, distribución, etc Barcelona :
Nombre del editor, distribuidor, etc. Afaguara,
Fecha de publicación, distribución, etc 2000
300 ## - DESCRIPCIÓN FÍSICA
Extensión 223 p. :
Otros detalles físicos il. ;
Dimensiones 23 cm
490 0# - MENCIÓN DE SERIES
Mención de serie Historias de siempre
Volume/sequential designation 16
590 ## - NOTA LOCAL
Texto de la nota local Inventariado, 2024/VM
650 #4 - ENCABEZAMIENTO DE MATERIA--TEMÁTICO
Término temático o nombre geográfico como elemento de entrada Novela inglesa
650 #4 - ENCABEZAMIENTO DE MATERIA--TEMÁTICO
Término temático o nombre geográfico como elemento de entrada Prisión por deudas
Subdivisión de forma Novela
700 1# - ASIENTO SECUNDARIO -- NOMBRE PERSONAL
Nombre personal Rodoreda Sayol, María Víctoria
Fechas asociadas con el nombre 1931-2010
Mención de responsabilidad traductor
700 1# - ASIENTO SECUNDARIO -- NOMBRE PERSONAL
Nombre personal Solé, Francisco
Mención de responsabilidad ilustración
910 ## - VALIDACIÓN
Validación VMateo V. Control de calidad. BPMSU
942 ## - ADDED ENTRY ELEMENTS (KOHA)
Source of classification or shelving scheme Dewey Decimal Classification
Koha item type Libros
Existencias
Withdrawn status Lost status Source of classification or shelving scheme Damaged status Not for loan Collection code Home library Current library Date acquired Source of acquisition Total Checkouts Full call number Barcode Date last seen Price effective from Koha item type
    Dewey Decimal Classification     Colección Juvenil General Biblioteca Pública Metropolitana Salomé Ureña Biblioteca Pública Metropolitana Salomé Ureña 04/21/2016 FUNDI   BPMSU CJG 823.83 D548p 2000 BPMSU18020001 04/21/2016 04/21/2016 Libros